| 000 | 00391nam a2200133 4500 | ||
|---|---|---|---|
| 005 | 20260330091338.0 | ||
| 008 | 260330b |||||||| |||| 00| 0 eng d | ||
| 020 | _a978-93-5269-644-4 | ||
| 100 | _aKumar Rajendra | ||
| 245 |
_aAdvanced Condensed Matter Physics _c/Rajendra Kumar |
||
| 260 |
_aNew Delhi, India; _bRandom Publications; _c2020 |
||
| 300 |
_aviii,275p.ill; _c24cm |
||
| 942 |
_2lcc _n0 _cBK |
||
| 999 |
_c209 _d209 |
||